000 00383 a2200157 4500
001 156300
020 _a9788516075699
040 _cEscola São Tomás de Aquino
100 _aCANTO, Eduardo Leite do
240 1 0 _aQuímica na abordagem do cotidiano
_lpor
245 1 0 _aQuímica na abordagem do cotidiano
300 _a678
362 0 _a2012
697 _aQUÍMICA
942 _cBK
999 _c156300
_d156300